| 000 | 00779nam a2200253 i 4500 | ||
|---|---|---|---|
| 001 | 135345 | ||
| 003 | ES-MaACL | ||
| 005 | 20230906194849.0 | ||
| 007 | t| | ||
| 008 | 070716s1983 sp |||| | spa d | ||
| 020 | _a84-7039-405-3 | ||
| 100 | 1 |
_aTorquemada, Antonio de. _9110698 |
|
| 245 | 1 | 0 |
_aJardín de flores curiosas / _cAntonio de Torquemada ; edición, introducción y notas de Giovanni Allegra. |
| 260 |
_aMadrid : _bCastalia, _c1983. |
||
| 300 |
_a500 p. ; _c18 cm. |
||
| 490 | 1 |
_aClásicos Castalia ; _v129 |
|
| 500 | _aÍndices. | ||
| 504 | _aBibliografía : p. 85. | ||
| 700 | 1 |
_aAllegra, Giovanni. _919968 |
|
| 830 | 0 |
_aClásicos Castalia ; _v129 _9178595 |
|
| 852 |
_aES-MaACL _jL-8886 |
||
| 852 |
_aES-MaACL _jL-4718 _bR.105089 |
||
| 999 |
_c135345 _d135345 |
||